00752nam a2200217 450000500170000001000150001702000260003203500140005803700090007208200160008110000210009724500550011825000090017326000400018227000400022230000210026270000700028394200300035399900190038395201320040220260413145633.0 aENG-148029 a9788181716279c900.00 aEN-131561 bDBAD 22023a54.33 aBanerjee, Dhriti aFaunal Diversity of Sasthamkotta/cDhriti Banerjee a2023 aKolkatabzoological survey of india aM-Block, New Aliporebindiae700053 a227.pgc24cm(pb) aC. Raghunathan, Deepa j., P. M. Sureshan, M. karuthapandi/988887 2ddccENe2023h54.33mBAN c215871d215871 001040718NFICaDBADbDBADd2026-04-13eDBADg900.00l0o54.33 BANpEN-131561r2026-04-13 14:57:35t1v900.00w2026-04-13yEN